LIBRARY & INFORMATION CENTRE, KCAET, TAVANUR

ONLINE PUBLIC ACCESS CATALOGUE (OPAC)

Developmental games and recreational activities / (Record no. 4875)

MARC details
000 -LEADER
fixed length control field 00496cam a2200193ua 4500
020 ## - INTERNATIONAL STANDARD BOOK NUMBER
ISBN 81 7216 003 8
041 ## - LANGUAGE CODE
Language code of text/sound track or separate title eng
082 ## - DEWEY DECIMAL CLASSIFICATION NUMBER
Classification number 790.1
Item number DHE/DE
100 ## - MAIN ENTRY--AUTHOR NAME
Personal name Dheer, S .
245 ## - TITLE STATEMENT
Title Developmental games and recreational activities /
260 ## - PUBLICATION, DISTRIBUTION, ETC. (IMPRINT)
Place of publication :
Name of publisher Friends publications ,
Year of publication 1996.
300 ## - PHYSICAL DESCRIPTION
Number of Pages 240 ; .
500 ## - GENERAL NOTE
General note **Reference
700 1# - ADDED ENTRY--PERSONAL NAME
Personal name Saini, R S .
942 ## - ADDED ENTRY ELEMENTS (KOHA)
Koha item type Books
Holdings
Withdrawn status Lost status Damaged status Home library Current library Date acquired Full call number Accession Number Koha item type
      KAUAET KAUAET 07/04/2012 790.1 DHE/DE 19387 Books
free website counter